|
|
|
|
| LEADER |
00000nab a2200000 a 4500 |
| 001 |
vtls001007887 |
| 003 |
SK-MaSNL |
| 005 |
20260304214443.0 |
| 008 |
040720e19991014xo 0 slo |
| 035 |
|
|
|a RV8487
|
| 040 |
|
|
|a RVGKPD
|b slo
|c RVGKPD
|e AACR2
|
| 041 |
0 |
|
|a slo
|
| 044 |
|
|
|a xo
|c SK
|
| 080 |
|
|
|a 796.71
|2 1981
|
| 100 |
1 |
|
|a Dudeková, Alena
|4 aut
|9 267614
|
| 245 |
1 |
0 |
|a Rožňavská rely položí bodku za tohtoročnou sezónou
|b Posledné podujatie
|
| 300 |
|
|
|b 1 foto
|
| 518 |
|
|
|a 1999
|
| 611 |
1 |
7 |
|a Rallye Rožňava
|2 RVGKPD
|9 1024039
|
| 650 |
0 |
7 |
|a automobilový šport
|2 RVGKPD
|9 3266
|
| 651 |
|
7 |
|a Rožňava (Slovensko)
|2 RVGKPD
|9 17394
|
| 655 |
|
7 |
|a periodikum
|2 snkbucl
|9 29553
|
| 773 |
0 |
8 |
|t Košický denník
|g Roč. 1, č.160, 14.10.1999, s. 14
|
| 852 |
|
|
|a ZVYKNI
|b KIS3GCP
|
| 999 |
|
|
|c 3141355
|d 3143285
|